Sports Quiz

Random Sports or WWE Quiz

WWE PPV Opponents of Samoa Joe Quiz Stats

 Plays Quiz not verified by Sporcle

Challenge
Share
Tweet
Embed
Score 0/36 Timer 05:00
0 Plays Today
Hint Answer % Correct
2018Seth Rollins
98%
2018Roman Reigns
97.9%
2018Braun Strowman
96.6%
2018Finn Bálor
96.1%
2015Finn Bálor
94.6%
2016Finn Bálor
94.6%
2016Finn Bálor
94.6%
2017Finn Bálor
94.6%
2017Roman Reigns
94.5%
2017Brock Lesnar
93.3%
2018Finn Bálor
93.1%
2018The Miz
93.1%
2017Shinsuke Nakamura
92.9%
2017Seth Rollins
92.5%
2017Seth Rollins
92.5%
2017Roman Reigns
92.2%
2018The Miz
92.2%
2017Brock Lesnar
91.7%
Hint Answer % Correct
2017Braun Strowman
91.5%
2016Shinsuke Nakamura
90.1%
2016Shinsuke Nakamura
90.1%
2018Bobby Roode
89.7%
2017Bobby Roode
89.3%
2017Sami Zayn
86.4%
2017Shane McMahon
85.7%
2017John Cena
84.8%
2017Randy Orton
83%
2018Kevin Owens
82.8%
2018Rusev
82.8%
2018Kofi Kingston
79.3%
2017Bray Wyatt
78.6%
2015Baron Corbin
72.1%
2015Baron Corbin
72.1%
2015Scott Dawson
56.5%
2015Rhyno
56.5%
2015Dash Wilder
56.1%

You're not logged in!

Compare scores with friends on all Sporcle quizzes.
Join for Free
OR
Log In

You Might Also Like...

Show Comments

Extras

Top Quizzes Today


Score Distribution

Your Account Isn't Verified!

In order to create a playlist on Sporcle, you need to verify the email address you used during registration. Go to your Sporcle Settings to finish the process.

Report this User

Report this user for behavior that violates our Community Guidelines.

Details: